[Event "2015: The Year Of Devcoin"]
[Site "SchemingMind.com"]
[Date "2016.08.12"]
[Round "-"]
[White "chesshub"]
[Black "Ramesh Panwar"]
[Result "1-0"]
[WhiteCountry "FRA"]
[BlackCountry "IND"]
[WhiteElo "2603"]
[WhiteRD "84"]
[BlackElo "2439"]
[BlackRD "122"]
[GameID "402341"]

1. d4 d5 2. c4 e6 3. Nf3 Be7 4. Nc3 Nf6 5. Bf4 O-O 6. e3 Nbd7 7. c5 Nh5 8. Bd3 Nxf4 9. exf4 b6 10. b4 c6
11. O-O a5 12. a3 Qc7 13. g3 Ba6 14. Bxa6 Rxa6 15. Qe2 Ra7 16. f5 e5 17. dxe5 bxc5 18. Rac1 axb4 19. axb4 f6 20. e6 Ne5
21. bxc5 Bxc5 22. Kg2 Qe7 23. Nb1 Rb7 24. Rc2 Nc4 25. Nfd2 Na5 26. Nc3 Bb4 27. Qd3 Rfb8 28. Ra1 Qe8 29. Raa2 Kh8 30. Na4 Bxd2
31. Qxd2 Nc4 32. Qe2 Rb5 33. h3 Qd8 34. Nb2 Nd6 35. g4 Qc7 36. Ra6 c5 37. Na4 Nc8 38. Nc3 R5b6 39. Rxb6 Nxb6 40. e7
1-0